000 00283nam a2200097Ia 4500
008 230915s9999 xx 000 0 und d
050 _aHF5823.B45.C.1
100 _aGEORGE E.BELCH
245 0 _aADVERTISING AND PROMOTION: AN INTEGRATED MARKETING COMMUNICATIONS PERSPECTIVE
942 _cBK
999 _c85977
_d85977